| 000 | 00473nam a2200181Ia 4500 | ||
|---|---|---|---|
| 003 | GCL | ||
| 008 | 140319s9999 xx 000 0 eng d | ||
| 040 |
_aGCL / _cGCL |
||
| 082 | 0 | 4 |
_a530.0924 _bF W |
| 100 | 1 | _aFRISCH, OTTO ROBERT | |
| 245 | 1 | 0 |
_aWHAT LITTLE I REMEMBER / _cFRISCH, OTTO ROBERT |
| 260 |
_a[S.N] : _bCAMBRIBGE UNIVERSITY PRESS ، _c1991 |
||
| 300 | _a227 PP | ||
| 650 | 0 | 4 | _aPHYSICS |
| 650 | 0 | 4 | _aGREAT BRITAIN |
| 650 | 0 | 4 | _aBIOGRAPHIES |
| 942 |
_2ddc _cBK |
||
| 999 |
_c24294 _d24294 |
||